000 01554nam a22002297a 4500
999 _c64106
_d64106
003 Ge_BSU
005 20260407111111.0
008 260407s2022 ge ||||| |||| 00| 0 geo d
020 _a9789941087868
041 _ageo
080 _a347.95(479.22)(072)(075.8) დ-24
100 _aდაუთაშვილი, პეტრე
_97857
245 _a2012-2019 წ.წ. საქართველოს უზენაესი სასამართლოს სისხლის სამართლის საქმეებზე მიღებული გადაწყვეტილებების პრაქტიკის კომენტარები :
_bდამხმარე სასწავლო-მეთოდური და პრაქტიკული სახელმძღვანელო /
_cპეტრე დაუთაშვილი; რედაქტორი ეკა ბესელია; სოხუმის სახელმწ. უნ-ტი.
250 _aმეორე გამოცემა
264 _aთბილისი,
_b
_c2022.
300 _a190 გვ.;
_b21 სმ.
653 _aსასამართლო გადაწყვეტილებები
653 _aსაქართველოს უზენაესი სასამართლო
700 _aბესელია, ეკა
_eრედაქტორი
_95909
710 _aსოხუმის სახელმწ. უნ-ტი
_927264
942 _2udc
_cᲬᲘᲒᲜᲘ